A Couple Minutes - Olivia Dean (all lyrics) - Statistics

General Stats
  • This quiz has been taken 32 times
  • The average score is 230 of 289
Answer Stats
Answer % Correct
a
100%
be
100%
I
100%
it
100%
It's
100%
it's
100%
let
100%
when
100%
When
100%
Back
95%
back
95%
go
95%
know
95%
me
95%
Of
95%
of
95%
on
95%
only
95%
Only
95%
so
95%
the
95%
We
95%
we
95%
you
95%
are
89%
been
89%
care
89%
couple
89%
course,
89%
going
89%
minutes,
89%
minutes
89%
never
89%
no
89%
now?
89%
now
89%
over
89%
real
89%
real,
89%
Since
89%
still
89%
there
89%
who
89%
your
89%
although
84%
always
84%
around
84%
have
84%
if
84%
If
84%
life
84%
Love's
84%
smoking
84%
sofa
84%
that
84%
to
84%
Turn
84%
wasted
84%
already
79%
I'll
79%
in
79%
In
79%
just
79%
knows
79%
Like,
79%
like
79%
one
79%
shared,
79%
wanna
79%
while,
79%
And
74%
and
74%
end
74%
feels
74%
guess
74%
moving
74%
okay
74%
up
74%
You're
74%
you're
74%
did
68%
face
68%
want
68%
we're
68%
could
63%
heart
63%
mm,
63%
mm
63%
well
63%
We'll
63%
Every
58%
found
58%
house?
58%
how
58%
lining
58%
part
58%
see
58%
silver
58%
ain't
53%
does
53%
doing
53%
for
53%
glad
53%
good
53%
I'm
53%
I've
53%
kinda
53%
name
53%
Oh,
53%
(oh,
53%
oh,
53%
(Oh,
53%
same
53%
start
53%
talk
53%
alright,
47%
being
47%
fine
47%
silence
42%
with
42%
goodbyes
37%
some
37%
think
37%
There's
26%
we've
26%
eh,
11%
eh)
11%
No matching quizzes found
Score Distribution
Percent of People with Each Score
Percentile by Number Answered
Your Score History
You have not taken this quiz